Les records des Jeux Olympiques d'été (toutes disciplines) - Statistiques

Statistiques générales
  • Ce quiz a été pris 20 fois
    3 depuis la dernière actualisation
  • Le résultat moyen est 9 sur 100
Statistiques - réponses
Hint Rang Indice 1 Indice 2 Indice 3 Prénom et nom % Correct
Les hommes les plus médaillés 1 Natation Etats-Unis 28 médailles Michael {Phelps}
100%
Le plus de médailles d'or (hommes) 1 Natation Etats-Unis 23 médailles Michael {Phelps}
100%
Le plus grand nombre de médailles d'or lors des mêmes jeux (hommes) 1 Natation Etats-Unis 8 en 2008 Michael {Phelps}
100%
Les hommes les plus médaillés 14 Natation Etats-Unis 10 médailles Caeleb {Dressel}
67%
Le plus de médailles d'or (hommes) 5 Natation Etats-Unis 9 médailles Caeleb {Dressel}
67%
Les hommes les plus médaillés 13 Athlétisme Etats-Unis 10 médailles Carl {Lewis}
67%
Le plus de médailles d'or (hommes) 4 Athlétisme Etats-Unis 9 médailles Carl {Lewis}
67%
Le plus grand nombre de victoires consécutives dans une même épreuve individuelle (hommes) 4 Athlétisme - saut en longueur Etats-Unis 4 fois Carl {Lewis}
67%
Les hommes les plus médaillés 9 Natation Etats-Unis 11 médailles Mark {Spitz}
33%
Le plus de médailles d'or (hommes) 3 Natation Etats-Unis 9 médailles Mark {Spitz}
33%
Le plus grand nombre de médailles d'or lors des mêmes jeux (hommes) 2 Natation Etats-Unis 7 en 1972 Mark {Spitz}
33%
Les hommes les plus médaillés 6 Athlétisme Finlande 12 médailles Paavo {Nurmi}
33%
Le plus de médailles d'or (hommes) 2 Athlétisme Finlande 9 médailles Paavo {Nurmi}
33%
Les hommes les plus médaillés 8 Natation Etats-Unis 12 médailles Ryan {Lochte}
33%
Les femmes les plus médaillées 8 Gymnastique Etats-Unis 11 médailles Simone {Biles}
33%
Le plus grand nombre de médailles d'or lors des mêmes jeux (femmes) 3 Gymnastique Etats-Unis 4 fois en 2016 Simone {Biles}
33%
Le plus de médailles d'or (hommes) 8 Athlétisme Jamaïque 8 médailles Usain {Bolt}
33%
Les athlètes masculins avec le plus de participations aux JO 2 Tir URSS/Lettonie 9 fois Afanasijs {Kuzmins}
0%
Les femmes les plus médaillées 10 Gymnastique Hongrie 10 médailles Agnes {Keleti}
0%
Les athlètes féminines avec le plus de participations aux JO 5 Escrime Hongrie 7 fois Aida Gabriella {Mohamed}
0%
Les hommes les plus médaillés 16 Gymnastique Japon 10 médailles Akinori {Nakayama}
0%
Les hommes les plus médaillés 15 Escrime Hongrie 10 médailles Aladar {Gerevich}
0%
Le plus grand nombre de victoires consécutives dans une même épreuve (hommes) 1 Escrime - sabre par équipe Hongrie 6 fois Aladar {Gerevich}
0%
Le plus grand nombre de victoires consécutives dans une même épreuve individuelle (hommes) 4 Athlétisme - lancer du disque Etats-Unis 4 fois Alfred {Oerter}
0%
Les femmes les plus médaillées 7 Athlétisme Etats-Unis 11 médailles Allyson {Felix}
0%
Les athlètes masculins avec le plus de participations aux JO 4 Equitation Australie 8 fois Andrew {Hoy}
0%
Les athlètes féminines avec le plus de participations aux JO 5 Equitation Pays-Bas 7 fois Anky {Van Grunsven}
0%
Le plus grand nombre de victoires consécutives dans une même épreuve (hommes) 2 Canoë-Kayak - K4 Allemagne 5 fois Birgit {Fischer}
0%
Les femmes les plus médaillées 3 Canoë Allemagne 12 médailles Birgit {Fischer-Schmidt}
0%
Le plus de médailles d'or (femmes) 3 Canoë Allemagne 8 médailles Birgit {Fischer-Schmidt}
0%
Les hommes les plus médaillés 3 Gymnastique URSS 13 médailles Boris {Shakhlin}
0%
Les hommes les plus médaillés 12 Tir Etats-Unis 11 médailles Carl Towsend {Osburn}
0%
Le plus jeune médaillé dans une épreuve par équipe 1 Gymnastique Grèce 10 ans 218 jours Dimitrios {Loundras}
0%
Les athlètes masculins avec le plus de participations aux JO 4 Voile Royaume-Uni/Bahreïn 8 fois Durward {Knowles}
0%
Les hommes les plus médaillés 4 Escrime Italie 13 médailles Edoardo {Mangiarotti}
0%
Les athlètes féminines avec le plus de participations aux JO 5 Aviron CEI/Biélorussie 7 fois Ekaterina {Karsten}
0%
La médaillée la plus âgée dans une épreuve individuelle 1 Tir à l'arc Etats-Unis 63 ans 333 jours Eliza {Pollock}
0%
La médaillée la plus âgée dans une épreuve par équipe 1 Tir à l'arc Etats-Unis 63 ans 335 jours Eliza {Pollock}
0%
La médaillée d'or la plus âgée dans une épreuve par équipe 1 Tir à l'arc Etats-Unis 63 ans 335 jours Eliza {Pollock}
0%
Les femmes les plus médaillées 9 Natation Australie 11 médailles Emma {Mickeon}
0%
Le plus grand nombre de victoires consécutives dans une même épreuve individuelle (hommes) 4 Natation - 50 m France 4 fois Florent {Manaudou}
0%
Les athlètes masculins avec le plus de participations aux JO 4 Tir Pérou 8 fois Francisco {Boza}
0%
Les athlètes féminines avec le plus de participations aux JO 5 Tennis de table Niger 7 fois Funke {Oshonaike}
0%
Les hommes les plus médaillés 18 Natation Etats-Unis 10 médailles Gary {Hall}
0%
Les athlètes masculins avec le plus de participations aux JO 2 Voile Autriche 9 fois Hubert {Raudaschl}
0%
Les athlètes masculins avec le plus de participations aux JO 1 Equitation Canada 10 fois Ian {Millar}
0%
La plus jeune médaillée dans une épreuve individuelle 1 Natation Danemark 12 ans 24 jours Inge {Sorensen}
0%
Les femmes les plus médaillées 5 Equitation Allemagne 12 médailles Isabell {Werth}
0%
Les athlètes féminines avec le plus de participations aux JO 5 Tir Yougoslavie/Serbie 7 fois Jasna {Sekaric}
0%
Les athlètes féminines avec le plus de participations aux JO 5 Cyclisme France 7 fois Jeannie {Longo-Ciprelli}
0%
Les femmes les plus médaillées 4 Natation Etats-Unis 12 médailles Jenny {Thompson}
0%
Le plus de médailles d'or (femmes) 4 Natation Natation 8 médailles Jenny {Thompson}
0%
Les athlètes masculins avec le plus de participations aux JO 4 Athlétisme Espagne 8 fois Jesus Angel {Garcia}
0%
Les athlètes féminines avec le plus de participations aux JO 2 Canoë Allemagne/Italie 8 fois Josefa {Idem-Guerrini}
0%
Le plus grand nombre de victoires consécutives dans une même épreuve individuelle (femmes) 1 Lutte Japon 4 fois Kaori {Icho}
0%
Les femmes les plus médaillées 2 Natation Etats-Unis 14 médailles Katie {Ledecky}
0%
Le plus de médailles d'or (femmes) 2 Natation Natation 9 médailles Katie {Ledecky}
0%
Le plus grand nombre de médailles d'or lors des mêmes jeux (femmes) 2 Natation Etats-Unis 4 fois en 2016 Katie {Ledecky}
0%
Les athlètes féminines avec le plus de participations aux JO 5 Escrime Suède 7 fois Kerstin {Palm}
0%
Le plus grand nombre de médailles d'or lors des mêmes jeux (femmes) 1 Natation Allemagne 6 fois en 1988 Kristin {Otto}
0%
Le plus jeune médaillé d'or dans une épreuve par individuelle 1 Natation Japon 14 ans 309 jours Kusuo {Kitamura}
0%
Les femmes les plus médaillées 1 Gymnastique URSS 18 médailles Larisa {Latynina}
0%
Le plus de médailles d'or (femmes) 1 Gymnastique URSS 9 médailles Larissa {Latynina}
0%
Les athlètes féminines avec le plus de participations aux JO 2 Aviron Canada 8 fois Lesley {Thompson-Willie}
0%
Le plus grand nombre de victoires consécutives dans une même épreuve (femmes) 1 Basket Etats-Unis 4 fois Lisa {Leslie}
0%
Le médaillé le plus âgé dans une épreuve individuelle 1 Voile Suisse 66 ans 158 jours Louis {Noverraz}
0%
La plus jeune médaillée dans une épreuve par équipe 1 Gymnastique Italie 11 ans 302 jours Luigina {Giavotti}
0%
Les athlètes féminines avec le plus de participations aux JO 5 Tir Bulgarie 7 fois Maria {Grozdeva}
0%
La plus jeune médaillée d'or dans une épreuve par individuelle 1 Natation - Plongeon au tremplin de 3 mètres Etats-Unis 13 ans 268 jours Marjorie {Gestring}
0%
Les hommes les plus médaillés 10 Natation Etats-Unis 11 médailles Matthew {Biondi}
0%
Le plus de médailles d'or (hommes) 7 Natation Etats-Unis 8 médailles Matthew {Biondi}
0%
Les athlètes féminines avec le plus de participations aux JO 5 Athlétisme Jamaïque/Slovénie 7 fois Merlene {Ottey}
0%
Le plus grand nombre de victoires consécutives dans une même épreuve (hommes) 2 Lutte gréco-romaine Cuba 5 fois Mijain {Lopez}
0%
Le plus grand nombre de victoires consécutives dans une même épreuve individuelle (hommes) 4 Lutte gréco-romaine Cuba 4 fois Mijain {Lopez}
0%
Les athlètes féminines avec le plus de participations aux JO 5 Football Brésil 7 fois Miraildes {Maciel Mota}
0%
Les hommes les plus médaillés 2 Gymnastique URSS 15 médailles Nikolay {Andrianov}
0%
Le plus jeune médaillé dans une épreuve individuelle 1 Plongeon de haut vol Danemark 14 ans 11 jours Nils {Skoglund}
0%
Les athlètes féminines avec le plus de participations aux JO 1 Tir Géorgie 9 fois Nino {Salukvadze}
0%
Les athlètes féminines avec le plus de participations aux JO 2 Gymnastique Allemagne/CEI/Ouzbékistan 8 fois Oksana {Chusovitina}
0%
Le médaillé le plus âgé dans une épreuve par équipe 1 Tir au cerf courant coup double par équipe Suède 72 ans 279 jours Oscar {Swahn}
0%
Le médaillé d'or le plus âgé dans une épreuve par équipe 1 Tir au cerf courant coup simple par équipe Suède 64 ans 257 jours Oscar {Swahn}
0%
Le médaillé d'or le plus âgé dans une épreuve individuelle 1 Tir au cerf courant coup simple individuel Suède 64 ans 257 jours Oscar {Swahn}
0%
Les athlètes féminines avec le plus de participations aux JO 5 Tir Mongolie 7 fois Otraydin {Gundegmaa}
0%
Le plus grand nombre de victoires consécutives dans une même épreuve (hommes) 2 Escrime - sabre par équipe Hongrie 5 fois Pal Adam {Kovacs}
0%
Les athlètes masculins avec le plus de participations aux JO 4 Voile Danemark 8 fois Paul {Elvstrom}
0%
Le plus grand nombre de victoires consécutives dans une même épreuve individuelle (hommes) 4 Voile - solitaire Danemark 4 fois Paul {Elvstrom}
0%
Les athlètes masculins avec le plus de participations aux JO 4 Equitation Italie 8 fois Piero {D'Inzeo}
0%
Les femmes les plus médaillées 11 Gymnastique URSS 10 médailles Polina {Astakhova}
0%
Les athlètes masculins avec le plus de participations aux JO 4 Equitation Italie 8 fois Raimondo {D'Inzeo}
0%
Les athlètes masculins avec le plus de participations aux JO 4 Tir Yougoslavie/Slovénie 8 fois Rajmond {Debevec}
0%
Le plus de médailles d'or (hommes) 8 Athlétisme Etats-Unis 8 médailles Ray {Ewry}
0%
Les hommes les plus médaillés 7 Gymnastique Japon 12 médailles Sawao {Kato}
0%
Le plus de médailles d'or (hommes) 6 Gymnastique Japon 8 médailles Sawao {Kato}
0%
Les athlètes féminines avec le plus de participations aux JO 5 Patinage de vitesse/cyclisme Japon 7 fois Seiko {Hasimoto}
0%
Les hommes les plus médaillés 5 Gymnastique Japon 13 médailles Takashi {Ono}
0%
Les athlètes féminines avec le plus de participations aux JO 5 Equitation Suède 7 fois Tinne {Vilhelmson-Silfven}
0%
Les femmes les plus médaillées 6 Gymnastique Tchécoslovaquie 11 médailles Vera {Caslavska}
0%
Les hommes les plus médaillés 11 Gymnastique URSS 11 médailles Viktor {Chukarin}
0%
Les hommes les plus médaillés 17 Gymnastique Biélorussie 10 médailles Vitaly {Scherbo}
0%
Le plus grand nombre de médailles d'or lors des mêmes jeux (hommes) 3 Gymnastique CEI 6 en 1992 Vitaly {Scherbo}
0%
Aucun quiz correspondant
Distribution des résultats
% des personnes avec chaque résultat
Percentile par nombre de réponses
Votre historique - résultats
Vous n’avez pas pris ce quiz depuis la dernière actualisation